000
00290nam a22001337a 4500
008
170215b xxu||||| |||| 00| 0 eng d
020
_a
0721631541
041
_a
eng
080
_2
27TH
_a
61
100
_a
4
101
_a
SHM
245
_a
MEDICAL DICTIONARY
_c
SAUNDERS, W.B
942
_2
udc
_c
BK
999
_c
5553
_d
5553